| 000 | 01897ngm a2200409 4500 | ||
|---|---|---|---|
| 003 | dpl | ||
| 005 | 20080822142457.0 | ||
| 007 | DVD | ||
| 008 | 080822t xxu||||| |||| 00| 0 eng d | ||
| 010 | _aDVD-000180-182 | ||
| 020 | _a0788823671 | ||
| 024 |
_aA1187 _c499.00 |
||
| 024 | _a786936125672 | ||
| 040 | _adpl | ||
| 082 | _aDVD / BUZ | ||
| 245 |
_aBuzz Lightyear of Star Command _bthe adventure begins. _h[DVD] : |
||
| 260 |
_a[United States] : _aBurbank, Calif. : _bWalt Disney Home Video : _bPixar Animation Studios ; _bDistributed by Excel Home Video _c[2000] |
||
| 300 |
_a1 DVD (ca. 70 min.) : _bsd., col. ; _c4 1/2 in. |
||
| 500 | _aTitle from cassette label. | ||
| 511 | _aTim Allen, Wayne Knight, Thomas F. Wilson. | ||
| 520 | _aBuzz Lightyear takes on the evil Emperor Zurg in an intergalactic struggle of epic proportions. | ||
| 538 | _aDolby digital 5.1, aspact ratio 1.78.1, format DVD 9 Dual Layer sided disc, hi-fi stereo. | ||
| 650 | _aAnimated films. | ||
| 650 | _aChildren's films. | ||
| 650 | _aVideo recordings for the hearing impaired. | ||
| 700 |
_aAllen, Tim, _d1953- |
||
| 700 | _aKnight, Wayne. | ||
| 700 | _aLoter, Steve. | ||
| 710 | _aWalt Disney Home Video (Firm) | ||
| 710 | _aPixar Animation Studios. | ||
| 710 | _aBuena Vista Home Entertainment (Firm) | ||
| 942 |
_cCF _2ddc _hDVD _mBUZ |
||
| 999 |
_c14983 _d14983 |
||